Histoire du pontificat de Clément XIV
Saved in:
| Hovedforfatter: | |
|---|---|
| Format: | Bog |
| Sprog: | fransk |
| Udgivet: |
París
Firmin Didot Frères
1852
|
| Fag: | |
| Tags: |
Tilføj Tag
Ingen Tags, Vær først til at tagge denne postø!
|
MARC
| LEADER | 00000nam a2200000 a 4500 | ||
|---|---|---|---|
| 001 | UCP4954 | ||
| 003 | CL-VaPUC | ||
| 008 | 990821e18520000FR |||||||||||||||||fre|d | ||
| 082 | 0 | 4 | |a 270 |b THE |2 21 |
| 100 | 0 | |a Theiner, Augustin |e author |9 433041 | |
| 245 | 1 | 0 | |a Histoire du pontificat de Clément XIV |
| 300 | |a v | ||
| 942 | |c BK | ||
| 945 | |d 19990821 00:00:00 |a crobeson | ||
| 260 | |a París |b Firmin Didot Frères |c 1852 | ||
| 600 | 0 | 7 | |a CLEMENTE XIV |2 CL-VaPUC |9 433042 |
| 650 | 0 | |a Papas |9 258738 | |
| 650 | 0 | |a Biografías |9 255210 | |
| 650 | 7 | |a HISTORIA ECLESIASTICA 1769 - 1774 |2 CL-VaPUC |9 433043 | |
| 650 | 0 | |a Órdenes religiosas |9 257499 | |
| 650 | 0 | |a Jesuitas |9 268366 | |
| 650 | 0 | |a Franciscanos |9 267404 | |
| 583 | |a last modification |c 19990821 00:00:00 |k Rodrigo Vera | ||
| 999 | |c 282842 |d 282840 | ||
| 952 | |0 0 |1 0 |4 0 |6 270_000000000000000_THE_1852 |7 0 |8 X |9 325314 |a BIBHIS |b BIBHIS |d 2019-11-20 |h v.1 |i 1355856 |o 270 THE 1852 |p 1355856 |r 2024-01-30 |w 2019-11-20 |y BK_X |k HIS | ||
| 952 | |0 0 |1 0 |4 0 |6 270_000000000000000_THE_1852 |7 0 |8 X |9 325315 |a BIBHIS |b BIBHIS |d 2019-11-20 |h v.2 |i 1202278 |o 270 THE 1852 |p 1202278 |r 2024-01-30 |w 2019-11-20 |y BK_X |k HIS | ||